000 01371nam a2200325 i 4500
003 EG-GICUC
005 20260406161407.0
008 260401s1994 ua ||||fr|||| 000 0 ara d
040 _a EG-GICUC
_bara
_c EG-GICUC
_d EG-GICUC
_erda
041 0 _aara
082 0 4 _221
_a255.9
_bر ب . م
092 0 4 _221
099 _aLaw1 01 255.9 ر ب . م 1994
100 0 _aربيع دردير محمد على.
_eمؤلف.
245 1 2 _aالمسئولية عن التصادم البحري في الفقه الإسلامي :
_bدراسة مقارنة /
_cتأليف ربيع دردير محمد على.
264 1 _aأسيوط :
_bجامعة أسيوط،
_c1994.
300 _a75 صفحة ؛
_c24 سم.
336 _2rda content
_atext
337 _2rda media
_aComputer
338 _2rda carrier
_aOnline Resource
500 _aمستلة من مجلة الدراسات القانونية - تصدرها كلية الحقوق بجامعة أسيوط - العدد السادس عشر.
504 _aيشتمل على إرجاعات ببليوجرافية.
504 _aببليوجرافيا: صفحات 67-72.
546 _aالنص باللغة العربية
650 1 _aالجنايات - موضوعات أخري
_2qrmak
651 1 _2qrmak
856 4 0 _uhttps://fll.law.cu.edu.eg/fulltext/bks/B01-03771.pdf
905 _a62
942 _2ddc
_n0
_cBK
_e21
999 _c68186
_d68186